000 00700nam a2200253Ia 4500
003 OSt
005 20220925204004.0
006 a|||||r|||| 00| 0
007 ta
008 220923b |||||||| |||| 00| 0 eng d
037 _cGeneral Book
040 _aRTL
_cRTL
_beng
041 _2eng
_aeng
082 _aX:8, N7
100 _aDaft Richard L
_9143518
245 0 _aManagement
250 _a4th
260 _aFortworth
_bDryden Press
_c1997
300 _axxxiv, 862p. Appendix p781-822, Golssary p823-33
_ccm.
490 _a(Dryden Press Series in Management)
650 _aManagement
_930681
942 _hX:8, N7
_cGB
_2CC
999 _c548278
_d548278